banner-ar

علم الكلام الجديد / (Record no. 62926)

MARC details
000 -الفاتح
حقل البيانات ثابتة الطول 01272nam a22002897a 4500
005 - وقت وتاريخ اخر تعامل مع التسجيلة
رقم الضبط 20240530110614.0
008 - عناصر البيانات ثابتة الطول - معلومات عامة
حقل البيانات ثابتة الطول 160903s2012 au g 000 0dara d
017 ## - رقم الايداع القانونى
رقم الايداع القانونى 17948/2011
المصدر ( الهيئة المختصة) مصر . دار الكتب المصريه
020 ## - الرقم الدولى المعيارى للكتب
الرقم الدولى المعيارى للكتاب 9789777047999
040 ## - مصدر الفهرسة
وكالة الفهرسة الأصلية EG-CaGPL
082 04 - رقم تصنيف ديوى العشرى
رقم الطبعة 21
رقم التصنيف 214\
رقم المادة هـ ع
100 0# - المدخل الرئيسى - إسم شخصى
الإسم الشخصى شبلى النعمانى الهندى .
245 10 - بيان العنوان
العنوان علم الكلام الجديد /
بيان المسئوليه,etc تاليف شبلى النعمانى الهندى ؛ ترجمة و تقديم جلال السعيد الحفناوي ؛ مراجعة السباعي محمد السباعي .
260 ## - PUBLICATION, DISTRIBUTION, ETC. (IMPRINT)
تاريخ النشر أو التوزيع 2012 .
300 ## - الوصف المادى
التعداد 378 ص ؛
أبعاد الوعاء 24 سم .
490 0# - بيان السلسلة
عنوان السلسلة المشروع القومى للترجمة ؛
رقم المجلد/ التعيين التسلسلي 1974 .
600 04 - المدخل الاضافى بالموضوع-اسم شخصى
الإسم الشخصى ابن رشد .
600 04 - المدخل الاضافى بالموضوع-اسم شخصى
الإسم الشخصى ابن تيمية .
600 04 - المدخل الاضافى بالموضوع-اسم شخصى
الإسم الشخصى شاه ولى الله .
650 04 - المدخل الاضافى بالموضوع-مصطلح موضوعى
مصطلح موضوعي علم الكلام .
650 04 - المدخل الاضافى بالموضوع-مصطلح موضوعى
مصطلح موضوعي علم العقائد .
650 04 - المدخل الاضافى بالموضوع-مصطلح موضوعى
مصطلح موضوعي علم التوحيد والفرق الاسلامية .
700 0# - المدخل الاضافى - اسم شخصى
الإسم الشخصى جلال السعيد الحفناوى
الدور مترجم و مقدم
700 0# - المدخل الاضافى - اسم شخصى
الإسم الشخصى السباعى محمد السباعى
الدور مراجع
942 ## - عناصر المدخل الإضافي( كوها)
مصدر التصنيف او مخطط الترفيف Dewey Decimal Classification
Koha [default] item type كتاب
260 ## - PUBLICATION, DISTRIBUTION, ETC. (IMPRINT)
-- القاهره :
-- المركز القومى للترجمة ،
Holdings
حالة التراجع حالة الفقد حالة تلف ليس للاعارة المكان المؤقت الموقع الحالى موقع الترفيف تاريخ الاكتساب اجمالي اﻻعارات رقم الطلب الباركود تاريخ اخر مشاهدة تاريخ تفعيل السعر نوع وعاء كوها
        مكتبة القاهرة الكبرى مكتبة القاهرة الكبرى القاعة الرئيسية 11/27/2016   214\ هـ ع 162839 11/27/2016 11/27/2016 كتاب

Powered By

EGPV